Olympia 2024 - Länder im Team-Wettbewerb Tischtennis MÄNNER - Statistiken

Allgemein
  • Dieses Quiz wurde 72 mal gespielt
  • Das Durchschnittsergebnis liegt bei 8 aus 16
Antwortstatistiken
Nation % Korrekt
Deutschland
100%
China
98%
Japan
98%
Südkorea
90%
Frankreich
84%
Schweden
80%
Brasilien
53%
Indien
39%
Taiwan
39%
Australien
37%
Kanada
37%
Dänemark
35%
Portugal
24%
Ägypten
10%
Slowenien
6%
Kroatien
4%
Keine übereinstimmenden Quizze gefunden
Verteilung der Resultate
Anzahl Personen mit jedem Resultat
Perzentil nach korrekt beantworteten Fragen
Ihre Resultats-Entwicklung
Sie haben dieses Quiz noch nicht gespielt